| 000 | 00557nam a2200169 a 4500 | ||
|---|---|---|---|
| 008 | 120416s1965 ||||||||||||||||| || u | ||
| 050 | _aHF 1027 Jon | ||
| 100 | _aJones, Clarence Fielden | ||
| 245 | 1 | 0 | _aEconomic Geography |
| 250 | _a3rd.ed | ||
| 260 |
_aNew York _bMacmillan _c(1965) |
||
| 300 | _axxvi, 816p. : ill. | ||
| 350 | _a0.00 | ||
| 650 | 0 | _aECONOMICS | |
| 650 | 0 | _aECONOMIC GEOGRAPHY | |
| 995 |
_D0.00 _FCBU-MAIN LIBRARY (Kitwe) _H1 _I0.00 _M1 _UAVAILABLE _ZMain Library Open Access Collection |
||
| 999 |
_c40822 _d40822 |
||